000
00263pam a2200121 a 4500
020
_c
041
_a
eng
100
_a
Tom Wintringam.
245
_a
New Ways Of Wan
_h
Textual Documents
260
_a
New York
_b
Penguin Books Ltd
300
_a
128p.
930
_a
15278
999
_c
92178
_d
92178